| 000 | 00881cam a22002895a 4500 | ||
|---|---|---|---|
| 001 | 017576928 | ||
| 003 | OSt | ||
| 005 | 20160531124217.0 | ||
| 008 | 151008t2016 enka frbd 001 0 eng d | ||
| 020 | _a9781292092911 (pbk.) | ||
| 020 | _a1292092912 (pbk.) | ||
| 040 |
_aStDuBDS _beng _cStDuBDS _dEG-ScBUE |
||
| 082 | 0 | 4 |
_222 _a658.5 _bTAY |
| 100 | 1 |
_aTaylor, Bernard W., _cIII _936461 |
|
| 245 | 1 | 0 |
_aIntroduction to management science / _cBernard W. Taylor III. |
| 250 | _a12th ed.,Global ed. | ||
| 260 |
_aHarlow : _bPearson Education Limited, _cc.2016. |
||
| 300 |
_a858 p. : _bill. ; _c26 cm. |
||
| 500 | _aPrevious edition: 2013. | ||
| 500 | _aIndex : p. 850-858. | ||
| 500 | _aGlossary : p. 845-849. | ||
| 504 | _aIncludes bibliographical references. | ||
| 650 | 7 |
_aManagement science. _2BUEsh _925478 |
|
| 651 | _2BUEsh | ||
| 653 |
_bBUSADM _cMay2016 |
||
| 942 | _2ddc | ||
| 999 |
_c21831 _d21803 |
||